[Event "Mondiale Lampo FIDE 2022"]
[Site "Alma Ata"]
[Date "29.12.2022"]
[Round "11.17"]
[White "Sanal, Vahap"]
[Black "Indjic, Aleksandar"]
[Result "1-0"]
[WhiteTitle ""]
[BlackTitle ""]
[WhiteElo "2597"]
[BlackElo "2636"]
[WhiteFideId "6300545"]
[BlackFideId "911925"]
[EventDate "29.12.2022"]

1. e4 d6 2. d4 Nf6 3. Bd3 g6 4. Nf3 Nc6 5. c3 e5 6. O-O Bg7 7. Be3 O-O 8. Nbd2
a5 9. a4 Re8 10. Re1 h6 11. h3 Bd7 12. d5 Ne7 13. c4 b6 14. b4 axb4 15. Qb3 Ra5
16. Qxb4 Qa8 17. Bc2 g5 18. Nh2 Ng6 19. Ra3 Qa7 20. Rea1 Ra8 21. Nhf1 g4 22.
hxg4 Nxg4 23. Nb3 Nxe3 24. Nxe3 Ra6 25. g3 h5 26. Nf5 Bxf5 27. exf5 Nf8 28. Nd2
Nd7 29. Ne4 Nf6 30. Qd2 Nxe4 31. Bxe4 Qb8 32. f6 Bxf6 33. Qh6 Bg7 34. Qxh5 Qe8
35. Rf3 Qe7 36. Bf5 Rxa4 37. Rxa4 Rxa4 38. Qh7+ Kf8 39. Be6 Rxc4 40. Rxf7+ Qxf7
41. Bxf7 Kxf7 42. Qf5+ Kg8 43. Kg2 b5 44. g4 Rf4 45. Qc8+ Kh7 46. f3 b4 47. Qxc7
b3 48. Qb7 e4 49. fxe4 Rxe4 50. Qxb3 Rxg4+ 51. Kf3 Rg5 52. Qc2+ Kh6 53. Qh2+ Kg6
54. Qxd6+ Bf6 55. Qe6 Re5 56. Qg8+ Kh6 57. d6 Rg5 58. Qe6 Kg7 59. d7 Rg6 60. Qe8
Rg5 61. d8=Q Bxd8 62. Qxd8 Rf5+ 63. Ke4 Rh5 64. Kf4 Rh6 65. Kf5 Rh5+ 1-0

[Event "Mondiale Lampo FIDE 2022"]
[Site "Alma Ata"]
[Date "29.12.2022"]
[Round "11.18"]
[White "Petrosyan, Manuel"]
[Black "Moussard, Jules"]
[Result "0-1"]
[WhiteTitle ""]
[BlackTitle ""]
[WhiteElo "2621"]
[BlackElo "2684"]
[WhiteFideId "13300857"]
[BlackFideId "642908"]
[EventDate "29.12.2022"]

1. d4 Nf6 2. Bf4 g6 3. e3 Bg7 4. Nf3 d6 5. h3 c5 6. Be2 Qb6 7. Na3 O-O 8. O-O
Be6 9. Nc4 Qc7 10. Ncd2 Qb6 11. Nc4 Qc7 12. Ncd2 Qc8 13. c4 Na6 14. Rc1 Bf5 15.
a3 Re8 16. Bg3 Rb8 17. dxc5 Nxc5 18. Nd4 Bd3 19. b4 Bxe2 20. Qxe2 Nce4 21. Bh2
Nxd2 22. Qxd2 Qd7 23. c5 e5 24. Nf3 Ne4 25. Qd5 Nf6 26. Qxd6 Qxd6 27. cxd6 Rbd8
28. Bxe5 Ne4 29. Bxg7 Kxg7 30. Rc7 Nxd6 31. Nd4 a6 32. Rfc1 Kf6 33. a4 Re5 34.
h4 h5 35. g3 Rd5 36. R1c5 Rxc5 37. bxc5 Ne4 38. Kg2 Rd5 39. Rxb7 Nxc5 40. Rb6+
Kg7 41. a5 Re5 42. Rc6 Rd5 43. Kf3 Kf8 44. Ke2 Ke7 45. Rc7+ Nd7 46. Ra7 Rd6 47.
Kd3 Kf6 48. f4 Nc5+ 49. Kc4 Ne4 50. Rb7 Nxg3 51. Rb6 Ke7 52. Nc6+ Kd7 53. Nb8+
Ke7 54. Nxa6 Rd1 55. Nb4 Nf5 56. a6 Ra1 57. Rb7+ Kd8 58. Nc6+ Ke8 59. a7 Nd6+
60. Kc5 Nxb7+ 61. Kb6 Nd6 62. Na5 Nc8+ 0-1

[Event "Mondiale Lampo FIDE 2022"]
[Site "Alma Ata"]
[Date "29.12.2022"]
[Round "11.19"]
[White "Paravyan, David"]
[Black "Shimanov, Aleksandr"]
[Result "0-1"]
[WhiteTitle ""]
[BlackTitle ""]
[WhiteElo "2586"]
[BlackElo "2581"]
[WhiteFideId "4194985"]
[BlackFideId "4198603"]
[EventDate "29.12.2022"]

1. e4 e6 2. d4 d5 3. Nc3 Bb4 4. e5 c5 5. a3 Bxc3+ 6. bxc3 Qa5 7. Bd2 Qa4 8. Rb1
c4 9. Ne2 Nc6 10. g4 h5 11. gxh5 Rxh5 12. Ng3 Rh7 13. h4 b6 14. h5 Bd7 15. f4
Nh6 16. Bh3 Ne7 17. Qc1 Nhf5 18. Bxf5 Nxf5 19. Nxf5 exf5 20. Kf2 O-O-O 21. Rb4
Qc6 22. Qg1 Rdh8 23. Qg5 f6 24. Qg6 fxe5 25. Qxc6+ Bxc6 26. dxe5 Rxh5 27. Rxh5
Rxh5 28. Kg2 Kd7 29. Rb1 d4+ 30. Kg3 d3 31. cxd3 cxd3 32. c4 Rh6 33. Bc3 Rg6+
34. Kf2 Rg2+ 35. Ke3 Be4 36. Re1 Ke6 37. a4 Rc2 38. Kd4 Ra2 39. Rg1 Kf7 40. a5
bxa5 41. c5 Ra4+ 42. Ke3 Rc4 43. Bd4 a4 44. Ra1 Ke6 45. c6 Rxc6 46. Rxa4 a6 47.
Rb4 Rc2 48. Rb6+ Kd5 49. Rd6+ Kc4 0-1

[Event "Mondiale Lampo FIDE 2022"]
[Site "Alma Ata"]
[Date "29.12.2022"]
[Round "11.20"]
[White "Muradli, Mahammad"]
[Black "Nihal, Sarin"]
[Result "0-1"]
[WhiteTitle ""]
[BlackTitle ""]
[WhiteElo "2540"]
[BlackElo "2670"]
[WhiteFideId "13409301"]
[BlackFideId "25092340"]
[EventDate "29.12.2022"]

1. d4 d5 2. Nf3 Nf6 3. c4 e6 4. Nc3 h6 5. g3 Nc6 6. Bg2 Bd6 7. c5 Be7 8. Rb1 a5
9. a3 Ne4 10. Qc2 Nxc3 11. Qxc3 a4 12. h4 Bd7 13. Bf4 b6 14. cxb6 cxb6 15. O-O
O-O 16. Rfc1 b5 17. Ne5 Rc8 18. Nxd7 Qxd7 19. Qd3 Na5 20. e4 dxe4 21. Bxe4 Bf6
22. Rxc8 Rxc8 23. d5 Rd8 24. Rd1 Nc4 25. Bc1 Bxb2 26. dxe6 Qxd3 27. Rxd3 Rxd3
28. Bxd3 Bf6 29. Bf5 Be7 30. exf7+ Kxf7 31. Bd7 Bxa3 32. Bxb5 Nd6 33. Bxa4 Bxc1
34. Kg2 Kf6 35. Bc2 Bb2 36. Bd3 Bd4 37. Bc2 Nb5 38. Bd3 Nc3 39. Bc2 Bc5 40. Kf3
Ke5 41. Kg2 Nd5 42. Bb1 Nf6 43. Bc2 Ng4 44. f4+ Kf6 45. Kf3 Ne3 46. Bd3 Nf5 47.
Bb1 Bb4 48. h5 Nd4+ 49. Ke4 Ne2 50. Kf3 Nc3 51. Bc2 Nb5 52. Bb1 Be1 53. g4 Nd4+
54. Ke4 Ne6 55. Ba2 Bd2 56. Bxe6 Kxe6 57. g5 hxg5 58. fxg5 Bxg5 59. Kd4 0-1

[Event "Mondiale Lampo FIDE 2022"]
[Site "Alma Ata"]
[Date "29.12.2022"]
[Round "11.21"]
[White "Tomashevsky, Evgeny"]
[Black "Anton Guijarro, David"]
[Result "0-1"]
[WhiteTitle ""]
[BlackTitle ""]
[WhiteElo "2694"]
[BlackElo "2675"]
[WhiteFideId "4147235"]
[BlackFideId "2285525"]
[EventDate "29.12.2022"]

1. d4 Nf6 2. c4 e6 3. Nf3 d5 4. Nc3 Bb4 5. Bg5 dxc4 6. e4 c5 7. Bxc4 cxd4 8.
Nxd4 Qa5 9. Bd2 Qc5 10. Bb5+ Bd7 11. Nb3 Qc7 12. Bd3 O-O 13. O-O Rd8 14. Qe2 Nc6
15. Nb5 Qb8 16. Bg5 Be7 17. Rad1 Ne5 18. Nc3 h6 19. Bf4 Bd6 20. Bg3 Ng6 21. Bxd6
Qxd6 22. g3 Bc6 23. Bb5 Qc7 24. Bxc6 Qxc6 25. Nd4 Qb6 26. Nf3 Nd7 27. Kg2 Nde5
28. Nxe5 Nxe5 29. b3 a6 30. Rxd8+ Rxd8 31. Rd1 Rxd1 32. Qxd1 g5 33. Ne2 Kg7 34.
Qd2 Qc5 35. f4 Ng6 36. fxg5 hxg5 37. Qd4+ Qxd4 38. Nxd4 g4 39. h3 gxh3+ 40. Kxh3
Kf6 41. Nf3 Ne5 42. Kg2 Nd3 43. a3 Nc5 44. e5+ Kf5 45. b4 Nd3 46. Kf1 Nxe5 47.
Nd4+ Ke4 48. Nb3 b6 49. a4 Nd3 50. b5 axb5 51. axb5 Kd5 52. Ke2 Ne5 53. Nd2 Nc4
54. Nf3 Nd6 55. Ng5 f5 56. Kd3 Nxb5 57. Nh7 e5 58. g4 fxg4 59. Nf6+ Ke6 60. Nxg4
Nd6 61. Ne3 b5 62. Kc3 Kf6 63. Kb4 e4 64. Kc5 Ke5 65. Ng4+ Kf4 66. Nf6 Kf5 67.
Nd5 Ke5 68. Ne3 Nf5 69. Nc2 Nd6 70. Ne3 Ke6 71. Nc2 Kd7 72. Ne3 Ke7 73. Nd5+ Ke6
74. Ne3 Ke5 75. Ng4+ Kf4 76. Nf6 e3 77. Nd5+ Ke5 0-1

[Event "Mondiale Lampo FIDE 2022"]
[Site "Alma Ata"]
[Date "29.12.2022"]
[Round "11.22"]
[White "Maghsoodloo, Parham"]
[Black "Pantsulaia, Levan"]
[Result "0-1"]
[WhiteTitle ""]
[BlackTitle ""]
[WhiteElo "2719"]
[BlackElo "2597"]
[WhiteFideId "12539929"]
[BlackFideId "13602071"]
[EventDate "29.12.2022"]

1. e4 c6 2. d4 d5 3. f3 Qb6 4. Nc3 dxe4 5. Bc4 e5 6. dxe5 Bc5 7. Kf1 Bf5 8. g4
Bg6 9. f4 f5 10. Nh3 Nh6 11. Na4 Qa5 12. c3 Be7 13. b4 Qc7 14. Nc5 Bxc5 15. bxc5
fxg4 16. Ng5 Bf5 17. Qd6 Qe7 18. Ne6 Bxe6 19. Bxe6 Na6 20. Be3 Rd8 21. Qxe7+
Kxe7 22. f5 Nxf5 23. Bxf5 Rdf8 24. Rb1 Rxf5+ 25. Ke2 Rb8 26. Rhg1 h5 27. h3 Rxe5
28. Bf4 Ke6 29. hxg4 h4 30. g5 Nxc5 31. Rg4 Rh8 32. Bxe5 Kxe5 33. Rh1 h3 34. Rg3
Ne6 35. Ke3 Nf4 36. g6 Rh5 37. Rg4 Nd5+ 38. Kf2 Nxc3 39. Kg3 Ne2+ 40. Kf2 Nf4
41. Kg3 Nd3 42. Kh2 Nf2 0-1

[Event "Mondiale Lampo FIDE 2022"]
[Site "Alma Ata"]
[Date "29.12.2022"]
[Round "11.23"]
[White "Tang, Andrew"]
[Black "Vidit, Santosh Gujrathi"]
[Result "0-1"]
[WhiteTitle ""]
[BlackTitle ""]
[WhiteElo "2540"]
[BlackElo "2730"]
[WhiteFideId "2059630"]
[BlackFideId "5029465"]
[EventDate "29.12.2022"]

1. d4 d5 2. Bf4 Nf6 3. e3 c5 4. Nf3 e6 5. Nbd2 Qb6 6. Rb1 Bd6 7. c3 cxd4 8. Bxd6
dxe3 9. Ba3 exd2+ 10. Qxd2 Ne4 11. Qc2 Nd7 12. Bd3 Ndc5 13. Bxe4 Nxe4 14. Ne5 f6
15. Qa4+ Kd8 16. Nd3 Bd7 17. Qc2 Rc8 18. Qe2 Nxc3 19. Qg4 Nxb1 20. Qxg7 Nxa3 21.
O-O Re8 22. bxa3 e5 23. Nb4 Qd6 24. Rd1 d4 25. Qxh7 a5 26. Nd3 Bc6 27. h3 Rc7
28. Qf5 Rg7 29. f3 Rg5 30. Qh7 Bxf3 31. Rc1 Rxg2+ 32. Kf1 Reg8 0-1

[Event "Mondiale Lampo FIDE 2022"]
[Site "Alma Ata"]
[Date "29.12.2022"]
[Round "11.24"]
[White "Durarbayli, Vasif"]
[Black "Kobalia, Mikhail"]
[Result "1/2-1/2"]
[WhiteTitle ""]
[BlackTitle ""]
[WhiteElo "2612"]
[BlackElo "2577"]
[WhiteFideId "13402935"]
[BlackFideId "4119150"]
[EventDate "29.12.2022"]

1. e4 c5 2. Nf3 e6 3. d4 cxd4 4. Nxd4 Nc6 5. Nc3 a6 6. Bf4 d6 7. Bg3 Nf6 8. Be2
Be7 9. Qd2 O-O 10. Nxc6 bxc6 11. e5 Nd5 12. exd6 Bxd6 13. Bxd6 Qxd6 14. O-O a5
15. Rfd1 Qe7 16. Na4 e5 17. c4 Nf4 18. Bf3 Be6 19. b3 Qg5 20. g3 Rad8 21. Qe3
Bg4 22. Nc5 Qh5 23. Bxg4 Qxg4 24. f3 Qg6 25. Kh1 Qc2 26. Qg1 Rxd1 27. Rxd1 Nh3
28. Rc1 Qxa2 29. Qf1 Ng5 30. Re1 Ne6 31. Nd7 Rc8 32. Nxe5 Qxb3 33. Qe2 h6 34.
Nxf7 Nd4 35. Qe4 Qxf3+ 36. Qxf3 Nxf3 37. Re7 Ra8 38. Kg2 Nd2 39. Nd6 a4 40. Re2
Nb3 41. Ra2 a3 42. Ne4 Nc1 43. Ra1 a2 44. Nd2 Rb8 45. Rxc1 Rb2 46. Kf3 Rxd2 47.
h4 Rb2 48. Ra1 Kf7 49. Ke4 Ke6 50. Kd4 Kd6 51. Kc3 Rg2 52. Kb4 h5 53. Rd1+ Kc7
54. Ra1 Kb6 55. c5+ Kc7 56. Kc4 Kd7 57. Kd4 Ke6 58. Ke4 Rb2 59. Kf4 Kf6 60. Ke4
g5 61. Rf1+ Kg6 62. Ra1 g4 63. Kf4 Kf6 64. Ke4 Ke6 65. Kf4 Kd5 66. Kg5 Kc4 67.
Kxh5 Kb3 68. Kxg4 Rb1 69. Rxa2 Kxa2 70. h5 Rb4+ 71. Kf5 Rc4 72. h6 Rxc5+ 73. Kg6
Rc1 74. g4 c5 75. g5 c4 76. Kh7 c3 77. g6 c2 78. g7 Rg1 79. g8=Q+ Rxg8 80. Kxg8 1/2-1/2

[Event "Mondiale Lampo FIDE 2022"]
[Site "Alma Ata"]
[Date "29.12.2022"]
[Round "11.25"]
[White "Daneshvar, Bardiya"]
[Black "Asadli, Vugar"]
[Result "1/2-1/2"]
[WhiteTitle ""]
[BlackTitle ""]
[WhiteElo "2500"]
[BlackElo "2567"]
[WhiteFideId "12576468"]
[BlackFideId "13405764"]
[EventDate "29.12.2022"]

1. Nf3 Nf6 2. g3 g6 3. b3 Bg7 4. Bb2 O-O 5. Bg2 d6 6. d4 Nbd7 7. O-O Rb8 8. a4
b6 9. a5 b5 10. Re1 Bb7 11. a6 Ba8 12. Nbd2 Ne4 13. Nxe4 Bxe4 14. Nh4 Bxg2 15.
Nxg2 c6 16. e4 Rb6 17. e5 Nb8 18. Qe2 Rxa6 19. h4 Rxa1 20. Rxa1 a5 21. h5 e6 22.
exd6 Qxd6 23. Rxa5 Bxd4 24. Qd2 e5 25. Ba3 c5 26. c3 b4 27. cxd4 bxa3 28. d5 Nd7
29. Ne3 Nf6 30. hxg6 hxg6 31. Rxa3 Rd8 32. Ra5 Nxd5 33. Nxd5 Qxd5 34. Qxd5 Rxd5
35. Kg2 e4 36. b4 Rd2 37. bxc5 e3 38. Kf3 exf2 39. Kg2 Rc2 40. c6 Kg7 41. c7
Rxc7 42. Kxf2 Rc3 43. Kg2 Kh6 44. Ra8 Kg5 45. Ra4 f5 46. Rb4 Re3 47. Ra4 Re4 48.
Ra6 Kh5 49. Kf3 Rc4 50. Ra3 Rb4 51. Rc3 Rb1 52. Ra3 Rf1+ 53. Kg2 Re1 54. Kf2 Re4
55. Kf3 Kg5 56. Rb3 Rd4 57. Ra3 Kf6 58. Ra6+ Kg5 59. Ra3 Re4 60. Rb3 Kf6 61.
Rb6+ Re6 62. Rb3 Kg5 63. Ra3 Rc6 64. Rb3 Rd6 65. Ra3 Kf6 66. Rb3 Kg5 67. Ra3 Kh5
68. Rb3 Rd4 69. Rb8 Rd3+ 70. Kf4 Rd4+ 71. Kf3 Rc4 72. Rb3 g5 73. Ra3 Rc6 74. g4+
fxg4+ 75. Kg3 Rf6 76. Ra8 Rf3+ 77. Kg2 Rf6 78. Rh8+ Kg6 79. Kg3 Kf5 80. Ra8 Re6
81. Ra5+ Kf6 82. Kxg4 Re4+ 83. Kg3 Kg6 84. Ra6+ Kh5 85. Ra5 Re3+ 86. Kf2 Rb3 87.
Kg2 Kh4 88. Ra8 Rc3 89. Kh2 Rc2+ 90. Kg1 Rb2 91. Kh1 Rb3 92. Kg2 Rb2+ 93. Kg1
Kg4 94. Ra3 Re2 95. Rb3 Kf4 96. Ra3 g4 97. Rb3 Rd2 98. Ra3 Kg5 99. Rb3 Kh4 100.
Ra3 Re2 101. Rb3 Re4 102. Ra3 g3 103. Ra8 Re1+ 104. Kg2 Re2+ 105. Kg1 Re5 106.
Kg2 Re2+ 107. Kg1 Kh3 108. Rh8+ Kg4 109. Rg8+ 1/2-1/2

[Event "Mondiale Lampo FIDE 2022"]
[Site "Alma Ata"]
[Date "29.12.2022"]
[Round "11.26"]
[White "Petrosian, Tigran L."]
[Black "Vakhidov, Jakhongir"]
[Result "0-1"]
[WhiteTitle ""]
[BlackTitle ""]
[WhiteElo "2551"]
[BlackElo "2607"]
[WhiteFideId "13301616"]
[BlackFideId "14201801"]
[EventDate "29.12.2022"]

1. Nf3 c5 2. g3 g6 3. c3 Bg7 4. d4 cxd4 5. cxd4 Nf6 6. Nc3 d5 7. Bg2 O-O 8. Ne5
Ne4 9. Nxe4 dxe4 10. O-O f6 11. Qb3+ e6 12. Nc4 f5 13. Bf4 Nc6 14. e3 g5 15. Bd6
Rf7 16. Ba3 Qd5 17. f3 b5 18. Nd6 Qxb3 19. axb3 b4 20. Nxf7 Kxf7 21. fxe4 bxa3
22. bxa3 Nxd4 23. e5 Ne2+ 24. Kf2 Rb8 25. b4 Bxe5 26. Kxe2 Ba6+ 27. Kf2 Bxf1 28.
Rxf1 Rc8 29. Rd1 Rc2+ 30. Kf1 Ke7 31. b5 Rc3 32. a4 Rxe3 33. a5 Ra3 34. a6 Bd6
35. Bc6 h5 36. Ke2 Bc5 37. Rd7+ Kf6 38. Rh7 h4 39. gxh4 g4 40. Rh6+ Ke7 41. Bb7
f4 42. Rg6 f3+ 43. Kd2 Ra2+ 44. Kd3 f2 45. Bg2 Ra1 46. Rxg4 Rg1 47. Ke2 f1=Q+ 0-1

[Event "Mondiale Lampo FIDE 2022"]
[Site "Alma Ata"]
[Date "29.12.2022"]
[Round "11.27"]
[White "Jumabayev, Rinat"]
[Black "Grischuk, Alexander"]
[Result "0-1"]
[WhiteTitle ""]
[BlackTitle ""]
[WhiteElo "2609"]
[BlackElo "2745"]
[WhiteFideId "13702661"]
[BlackFideId "4126025"]
[EventDate "29.12.2022"]

1. d4 g6 2. e4 Bg7 3. Nc3 d6 4. Be3 a6 5. Nf3 Nf6 6. Qd2 b5 7. Bd3 O-O 8. e5 Ng4
9. Bf4 c5 10. Be4 Ra7 11. h3 dxe5 12. dxe5 Qxd2+ 13. Kxd2 Nxf2 14. Rhf1 Nxe4+
15. Nxe4 Nd7 16. Rad1 Bb7 17. Rfe1 Rc8 18. Kc1 Nf8 19. Bg3 Ba8 20. Nc3 Ne6 21.
Nd5 Rd8 22. Nc3 Rad7 23. Rxd7 Rxd7 24. Ne4 Bxe4 0-1

[Event "Mondiale Lampo FIDE 2022"]
[Site "Alma Ata"]
[Date "29.12.2022"]
[Round "11.29"]
[White "Amin, Bassem"]
[Black "Jobava, Baadur"]
[Result "0-1"]
[WhiteTitle ""]
[BlackTitle ""]
[WhiteElo "2682"]
[BlackElo "2578"]
[WhiteFideId "10601457"]
[BlackFideId "13601520"]
[EventDate "29.12.2022"]

1. e4 d6 2. d4 Nf6 3. Nc3 e5 4. Nf3 Nbd7 5. Be2 Be7 6. g4 O-O 7. g5 Ne8 8. h4 c6
9. Be3 b5 10. a3 Nc7 11. h5 a5 12. g6 Bb7 13. Qd2 b4 14. Na4 bxa3 15. bxa3 Bf6
16. Rb1 Ba6 17. c4 Rb8 18. Rd1 Ne6 19. dxe5 Nxe5 20. Nxe5 dxe5 21. gxf7+ Rxf7
22. Qxd8+ Rxd8 23. Rxd8+ Bxd8 24. Nc5 Nxc5 25. Bxc5 Be7 26. Bxe7 Rxe7 27. Kd2
Rb7 28. Kc3 Kf7 29. h6 g5 30. Rd1 Ke7 31. Bg4 a4 32. c5 Rb3+ 33. Kc2 Rxa3 34.
Rd7+ Kf6 35. Rxh7 Bd3+ 36. Kd2 Bxe4 37. Ra7 Rd3+ 38. Ke2 Rd4 39. f3 Bf5 40. h7
Rd8 41. Rxa4 Bxh7 42. Ra6 Bd3+ 0-1

[Event "Mondiale Lampo FIDE 2022"]
[Site "Alma Ata"]
[Date "29.12.2022"]
[Round "11.31"]
[White "Dragnev, Valentin"]
[Black "Van Foreest, Jorden"]
[Result "0-1"]
[WhiteTitle ""]
[BlackTitle ""]
[WhiteElo "2556"]
[BlackElo "2690"]
[WhiteFideId "1634852"]
[BlackFideId "1039784"]
[EventDate "29.12.2022"]

1. e4 g6 2. d4 Bg7 3. Nf3 d6 4. Be3 a6 5. c4 Nd7 6. Nc3 e5 7. Be2 Ngf6 8. O-O
O-O 9. d5 Ng4 10. Bg5 f6 11. Bh4 Nh6 12. Ne1 g5 13. Bg3 f5 14. exf5 Nf6 15. Bd3
Nxf5 16. Nc2 h5 17. h3 c6 18. dxc6 bxc6 19. Ne4 Nxe4 20. Bxe4 Nxg3 21. fxg3
Rxf1+ 22. Qxf1 d5 23. Bg6 Qf6 24. Bxh5 e4 25. cxd5 cxd5 26. Qxf6 Bxf6 27. Rd1
Be6 28. b3 Kg7 29. Nd4 Bxd4+ 30. Rxd4 Kf6 31. Ra4 Ke5 32. Kf2 Rc8 33. Rxa6 Rc2+
34. Ke1 Rxg2 35. b4 Rxg3 36. b5 Rxh3 37. Be2 Rh1+ 38. Kd2 d4 39. b6 d3 40. Ra5+
Kf4 41. Bxd3 exd3 42. Rb5 Bc4 43. Rb4 Rh2+ 44. Kd1 Ke3 45. Kc1 d2+ 46. Kc2 Bd3+ 0-1

[Event "Mondiale Lampo FIDE 2022"]
[Site "Alma Ata"]
[Date "29.12.2022"]
[Round "11.32"]
[White "Brunello, Sabino"]
[Black "Dardha, Daniel"]
[Result "0-1"]
[WhiteTitle ""]
[BlackTitle ""]
[WhiteElo "2519"]
[BlackElo "2606"]
[WhiteFideId "813613"]
[BlackFideId "240990"]
[EventDate "29.12.2022"]

1. d4 d5 2. c4 e6 3. Nf3 Nf6 4. Bg5 Bb4+ 5. Nc3 h6 6. Bh4 g5 7. Bg3 dxc4 8. Qa4+
Nc6 9. e3 Bd7 10. Qc2 b5 11. Be2 a6 12. h4 g4 13. Ne5 h5 14. Nxd7 Qxd7 15. Rd1
Bd6 16. Be5 Rh6 17. e4 Bb4 18. a3 Ba5 19. O-O Qe7 20. Bf4 Rg6 21. d5 e5 22. dxc6
exf4 23. e5 Qxe5 24. Bxc4 Kf8 25. Rfe1 Qc5 26. Bd3 g3 27. Bxg6 Ng4 28. Rf1 Nxf2
29. b4 Qe7 30. Rxf2 gxf2+ 31. Kf1 Bb6 32. Qf5 Re8 33. Qxf7+ 0-1

[Event "Mondiale Lampo FIDE 2022"]
[Site "Alma Ata"]
[Date "29.12.2022"]
[Round "11.33"]
[White "Suleymanli, Aydin"]
[Black "Niemann, Hans Moke"]
[Result "0-1"]
[WhiteTitle ""]
[BlackTitle ""]
[WhiteElo "2543"]
[BlackElo "2698"]
[WhiteFideId "13413937"]
[BlackFideId "2093596"]
[EventDate "29.12.2022"]

1. c4 Nf6 2. Nc3 g6 3. e4 d6 4. d4 Bg7 5. h3 Nbd7 6. Be3 e5 7. d5 h5 8. Nf3 Bh6
9. Bxh6 Rxh6 10. Qc1 Rh8 11. g3 Nc5 12. Qe3 a5 13. Be2 Kf8 14. Nd2 Kg7 15. f4
exf4 16. gxf4 Re8 17. Qd4 Qe7 18. O-O-O a4 19. Rde1 Kh7 20. Bd1 Nfd7 21. e5 dxe5
22. fxe5 Nxe5 23. Rxe5 Qxe5 24. Qxc5 a3 25. Bc2 axb2+ 26. Kxb2 Rxa2+ 27. Kb3 b6
28. Qb4 Ra8 29. Rf1 Kg7 30. Nb5 Bxh3 31. Rf3 Bg2 32. Rd3 h4 33. Nf3 Bxf3 34.
Rxf3 Rh8 35. d6 h3 36. Rf1 h2 0-1

[Event "Mondiale Lampo FIDE 2022"]
[Site "Alma Ata"]
[Date "29.12.2022"]
[Round "11.34"]
[White "Andriasian, Zaven"]
[Black "Ponkratov, Pavel"]
[Result "0-1"]
[WhiteTitle ""]
[BlackTitle ""]
[WhiteElo "2580"]
[BlackElo "2577"]
[WhiteFideId "13302000"]
[BlackFideId "4157800"]
[EventDate "29.12.2022"]

1. e4 e6 2. d3 d5 3. Nd2 Nf6 4. Ngf3 Nc6 5. c3 e5 6. Qc2 a5 7. g3 dxe4 8. dxe4
Bc5 9. Bg2 b6 10. Nb3 Be7 11. O-O O-O 12. Rd1 Bd6 13. Nbd2 Ba6 14. Nh4 Bc5 15.
Nf1 Qe8 16. Ne3 Rd8 17. Nd5 Nxd5 18. exd5 Ne7 19. c4 f5 20. b3 f4 21. Rf1 Bc8
22. Bb2 Nf5 23. Nf3 e4 24. Rae1 e3 25. Kh1 Qg6 26. Qc3 exf2 27. Re4 fxg3 28. h3
Nh6 29. Nh4 Qf6 30. Qc1 Qf7 31. Qg5 Rde8 32. Rf4 Qe7 33. Rxf8+ Rxf8 34. Qxg3 Nf5
35. Nxf5 Rxf5 36. a3 h6 37. b4 axb4 38. axb4 Bd6 39. Qg4 Rf8 40. Qh5 Qe3 41. c5
bxc5 42. bxc5 Bxc5 43. Qg6 Bd4 44. Bxd4 Qxd4 45. Be4 Bxh3 46. Qh7+ Kf7 47. Qg6+
Ke7 48. d6+ cxd6 49. Bg2 Bxg2+ 50. Kxg2 Qd5+ 51. Kh2 Qe5+ 52. Kh1 Rf4 53. Rb1
f1=Q+ 0-1

[Event "Mondiale Lampo FIDE 2022"]
[Site "Alma Ata"]
[Date "29.12.2022"]
[Round "11.35"]
[White "Cheparinov, Ivan"]
[Black "Svane, Frederik"]
[Result "1-0"]
[WhiteTitle ""]
[BlackTitle ""]
[WhiteElo "2688"]
[BlackElo "2568"]
[WhiteFideId "2905540"]
[BlackFideId "12923044"]
[EventDate "29.12.2022"]

1. d4 Nf6 2. c4 e6 3. Nf3 d5 4. g3 Bb4+ 5. Bd2 Be7 6. Bg2 O-O 7. O-O c6 8. Qc2
b6 9. Rd1 Nbd7 10. Bf4 Bb7 11. Ne5 Nh5 12. Bd2 Nhf6 13. cxd5 cxd5 14. Nc6 Bxc6
15. Qxc6 Qb8 16. Qb5 Qb7 17. Nc3 a6 18. Qd3 b5 19. e4 dxe4 20. Nxe4 Nd5 21. h4
Rfd8 22. Qe2 Rac8 23. Ba5 Re8 24. h5 h6 25. Rac1 Rxc1 26. Rxc1 Rc8 27. Re1 N7f6
28. Nc3 Qd7 29. Nxd5 Nxd5 30. a3 Bf6 31. Qd3 Rc4 32. Re4 Ne7 33. Bc3 Qc7 34. Bd2
Qd7 35. Bc3 Qd5 36. Re5 Qd6 37. Re4 Nd5 38. Bd2 Qc7 39. Bf3 Rc2 40. Re2 Qc8 41.
Ba5 Rxe2 42. Bxe2 Qc1+ 43. Kg2 Qxb2 44. Bf3 Bxd4 45. Bd2 Bc3 46. Be3 Nxe3+ 47.
Qxe3 Qxa3 48. Qd3 Qc5 49. Qd8+ Qf8 50. Qb6 b4 51. Qxa6 Qb8 52. Qc4 Bf6 53. Bd1
Bc3 54. Bc2 Qb7+ 55. Be4 Qd7 56. Kh2 Kf8 57. Qc5+ Kg8 58. Qc4 Qd8 59. Bc2 Qa8
60. Qd3 Qe8 61. Qc4 Kf8 62. Qc5+ Kg8 63. Qc4 Qd8 64. Qe4 Kf8 65. Qc4 Ke7 66.
Qc5+ Qd6 67. Qa7+ Kf6 68. Qe3 Qd4 69. Qf3+ Ke5 70. Qxf7 Kd6 71. Qf3 Qd2 72. Bb3
Bd4 73. Kg2 Qb2 74. Bc4 Qc3 75. Qe2 e5 76. Qa2 Qa3 77. Qc2 Qb2 78. Qf5 Kc5 79.
Bg8 Qc3 80. Qc8+ Kb5 81. Qb7+ Ka4 82. Qa6# 1-0

[Event "Mondiale Lampo FIDE 2022"]
[Site "Alma Ata"]
[Date "29.12.2022"]
[Round "11.36"]
[White "Alonso Rosell, Alvar"]
[Black "Esipenko, Andrey"]
[Result "1/2-1/2"]
[WhiteTitle ""]
[BlackTitle ""]
[WhiteElo "2561"]
[BlackElo "2678"]
[WhiteFideId "2270544"]
[BlackFideId "24175439"]
[EventDate "29.12.2022"]

1. d4 Nf6 2. c4 e6 3. Nf3 d5 4. g3 Bb4+ 5. Nc3 O-O 6. Bg2 c6 7. O-O Nbd7 8. Nd2
Be7 9. e4 c5 10. e5 Ne8 11. cxd5 cxd4 12. d6 Bxd6 13. exd6 dxc3 14. Ne4 cxb2 15.
Bxb2 Rb8 16. Qd4 b6 17. Rac1 Bb7 18. Rfd1 Bd5 19. Bh3 Rc8 20. Rxc8 Qxc8 21. Rc1
Qa8 22. Rc7 e5 23. Qc3 Nxc7 24. dxc7 Bxe4 25. Bxd7 Qd5 26. Bg4 Rc8 27. Qxe5 Qxe5
28. Bxe5 f5 29. Be2 Bd5 30. Ba6 Be6 31. a4 Kf7 32. Kf1 Rg8 33. Bb7 Ke7 34. Bc6
g6 35. f4 Bd7 36. Bd5 Re8 37. Bb7 Bc8 38. Bc6 Bd7 39. Bb7 Ke6 40. Kf2 g5 41. Ke3
gxf4+ 42. Bxf4 Bc8 43. Bc6 Bd7 44. Bb7 Bc8 1/2-1/2

[Event "Mondiale Lampo FIDE 2022"]
[Site "Alma Ata"]
[Date "29.12.2022"]
[Round "11.37"]
[White "Shankland, Sam"]
[Black "Tsaruk, Maksim"]
[Result "1-0"]
[WhiteTitle ""]
[BlackTitle ""]
[WhiteElo "2710"]
[BlackElo "2373"]
[WhiteFideId "2004887"]
[BlackFideId "13511173"]
[EventDate "29.12.2022"]

1. d4 d5 2. c4 dxc4 3. e3 Nf6 4. Bxc4 e6 5. Nf3 a6 6. O-O c5 7. Nbd2 Nc6 8. dxc5
Bxc5 9. a3 O-O 10. b4 Be7 11. Bb2 b5 12. Be2 Bb7 13. Nb3 Qxd1 14. Rfxd1 Rfd8 15.
Ne1 Rxd1 16. Rxd1 Rd8 17. Rc1 Rc8 18. Nd3 Nd7 19. Bf3 Nd8 20. Rxc8 Bxc8 21. Na5
f6 22. Bd4 Kf7 23. Ba7 Bd6 24. g3 Ne5 25. Nxe5+ fxe5 26. Bb6 Ke8 27. Be4 h6 28.
h4 Kd7 29. Kf1 Be7 30. Ke2 Bd6 31. Kd3 Nf7 32. Bc6+ Ke7 33. Nb7 Bb8 34. Bc5+ Kf6
35. Bf8 h5 36. Nc5 Nd6 37. Bxd6 Bxd6 38. Ne4+ Ke7 39. Nxd6 Kxd6 40. Be8 Kd5 41.
e4+ Kd6 42. Bxh5 Bd7 43. Ke3 Bc6 44. Bd1 Ke7 45. g4 Bd7 46. g5 Be8 47. h5 Kf7
48. f4 exf4+ 49. Kxf4 Ke7 50. Ke5 Bf7 51. Bg4 Bg8 52. g6 Kd7 53. Kd4 Kd6 54. e5+
Kc6 55. Bf3+ Kb6 56. Be4 a5 57. Bf3 1-0